Enarrationes piae ac eruditae in libros Iosue, Iudicum, Ruth, Regular I, II, III, IIII, Paralipomenon I, II.

Detalles Bibliográficos
Autor principal: CARTUJANO, Dionisio
Formato: Libro
Publicado: Colonia 1535
Materias:
Colección:Banco de datos
Acervo:Biblioteca del Colegio de San Francisco Javier. Tepotzotlán. Estado de México
Tema general:Biblia
Notas:Mala. Sto. Domingo de Méx.
LEADER 00734nam a22001930004500
035 |a 55164 
036 |a 2559 
100 1 |a CARTUJANO, Dionisio 
245 1 0 |a Enarrationes piae ac eruditae in libros Iosue, Iudicum, Ruth, Regular I, II, III, IIII, Paralipomenon I, II. 
260 |a Colonia  |b Pedro Quentel  |c 1535 
500 |a Mala. Sto. Domingo de Méx. 
650 1 0 |a Biblia 
949 |a M.N.V. 
959 |a Ex colegio de San Francisco Javier, Museo Nacional del Virreinato. Edo. de México  |b CCC6 
960 |a Colegio de San Francisco Javier, Tepotzotlán Estado de México  |b DD89 
961 |a Jesuita  |b OJ 
942 |c M.N.V. 
943 |g Biblioteca del Colegio de San Francisco Javier. Tepotzotlán. Estado de México 
999 |c 953329  |d 953329